| 000 | 00501nam a2200157Ia 4500 | ||
|---|---|---|---|
| 008 | 170221s9999 xx 000 0 und d | ||
| 100 | _aSaifuddin Ahmed | ||
| 245 | _aOnline Public Opinion: Transforming Agenda Setting and Shaping the Public Sphere in China | ||
| 245 | _cSaifuddin Ahmed, Lang Jia | ||
| 260 | _bOnline Journal of Communication and Media Technologies | ||
| 260 | _c2013 | ||
| 300 | _a33 : 2 | ||
| 650 | _xCommunication | ||
| 650 | _xMedia Arts | ||
| 856 | _uhttp://www.ojcmt.net/ | ||
| 999 |
_c310983 _d310983 |
||